NFL Top 10 Receiving Yards 2020s - Statistics

General Stats
  • This quiz has been taken 295 times
    94 since last reset
  • The average score is 55 of 60
Answer Stats
Year Team Player % Correct
2025: 5 Lions Amon-Ra St. Brown
100%
2024: 5 Lions Amon-Ra St. Brown
100%
2023: 3 Lions Amon-Ra St. Brown
100%
2023: 5 Eagles A.J. Brown
99%
2022: 4 Eagles A.J. Brown
99%
2025: 4 Bengals Ja'Marr Chase
99%
2024: 1 Bengals Ja'Marr Chase
99%
2021: 4 Bengals Ja'Marr Chase
99%
2025:1 Seahawks Jaxon Smith-Njigba
99%
2024: 8 Cowboys CeeDee Lamb
98%
2023: 2 Cowboys CeeDee Lamb
98%
2022: 6 Cowboys CeeDee Lamb
98%
2022: 3 Raiders Davante Adams
98%
2021: 3 Packers Davante Adams
98%
2020: 5 Packers Davante Adams
98%
2025: 2 Rams Puka Nacua
98%
2023: 4 Rams Puka Nacua
98%
2023: 1 Dolphins Tyreek Hill
98%
2022: 2 Dolphins Tyreek Hill
98%
2021: 7 Chiefs Tyreek Hill
98%
2020: 8 Chiefs Tyreek Hill
98%
2022: 9 Eagles DeVonta Smith
96%
2024: 2 Vikings Justin Jefferson
96%
2022: 1 Vikings Justin Jefferson
96%
2021: 2 Vikings Justin Jefferson
96%
2020: 4 Vikings Justin Jefferson
96%
2023: 9 Buccaneers Mike Evans
96%
2022: 5 Bills Stefon Diggs
96%
2021: 8 Bills Stefon Diggs
96%
2020: 1 Bills Stefon Diggs
96%
2022: 8 Chiefs Travis Kelce
96%
2020: 2 Chiefs Travis Kelce
96%
2025: 7 Ravens Zay Flowers
96%
2024: 3 Jaguars Brian Thomas Jr.
95%
2021: 1 Rams Cooper Kupp
95%
2025: 3 Cowboys George Pickens
95%
2025: 9 Lions Jameson Williams
95%
2025: 9 Texans Nico Collins
94%
2023: 8 Texans Nico Collins
94%
2023: 6 Bears D.J. Moore
93%
2025: 8 Saints Chris Olave
92%
2024: 4 Falcons Drake London
92%
2022: 7 Dolphins Jaylen Waddle
92%
2024: 7 Giants Malik Nabers
92%
2023: 7 49ers Brandon Aiyuk
90%
2025: 6 Cardinals Trey McBride
89%
2024: 6 Browns Jerry Jeudy
88%
2024: 8 Raiders Brock Bowers
87%
2021: 5 49ers Deebo Samuel
87%
2020: 7 Seahawks D.K. Metcalf
87%
2022: 10 Redskins Terry McLaurin
87%
2020: 3 Cardinals DeAndre Hopkins
85%
2023: 10 Browns Amari Cooper
82%
2024: 10 Chargers Ladd McConkey
81%
2021: 6 Ravens Mark Andrews
81%
2021: 9 Seahawks Tyler Lockett
79%
2021: 10 Steelers Diontae Johnson
55%
2020: 6 Falcons Calvin Ridley
51%
2020: 9 Bears Allen Robinson
48%
2020: 10 Raiders Darren Waller
46%
No matching quizzes found
Score Distribution
Percent of People with Each Score
Percentile by Number Answered
Your Score History
You have not taken this quiz since the last reset